The Dragon and the Elephant : (Record no. 617837)

MARC details
000 -LEADER
fixed length control field 00521nam a2200193 a 4500
008 - FIXED-LENGTH DATA ELEMENTS--GENERAL INFORMATION
fixed length control field 260318s2008##################000#0#eng##
020 ## - INTERNATIONAL STANDARD BOOK NUMBER
ISBN 9780195693508
082 04 - DEWEY DECIMAL CLASSIFICATION NUMBER
Classification number 338.1851GUL
100 1# - MAIN ENTRY--AUTHOR NAME
Personal name Fan, Shenggen,
245 10 - TITLE STATEMENT
Title The Dragon and the Elephant :
260 ## - PUBLICATION, DISTRIBUTION, ETC. (IMPRINT)
Name of publisher Oxford University Press, USA,
Year of publication 2008.
300 ## - PHYSICAL DESCRIPTION
Number of Pages 548 pages
650 #0 - SUBJECT ADDED ENTRY--TOPICAL TERM
Topical Term Agriculture and state.
942 ## - ADDED ENTRY ELEMENTS (KOHA)
Koha item type English Books
Holdings
Withdrawn status Lost status Damaged status Not for loan Home library Current library Shelving location Date acquired Full call number Accession Number Price effective from Koha item type
        Anna Centenary Library Anna Centenary Library 4TH FLOOR, A WING 18.03.2026 338.1851GUL 107994 18.03.2026 English Books

Find us on the map